000
00307nam a2200121 a 4500
005
20140414131929.0
008
101108s19uu xx 00 eng d
050
_a
M 591.7
_b
M24 1989
100
_a
McPhails. David
245
_a
Animals A to Z.
260
_a
New York :
_b
Scholastic,
_c
1989.
999
_c
112181
_d
112181